000 01362nam a2200361 a 4500
001 000114692
003 CHAP
005 20250827095647.0
008 180320s2017 mx |sm |||||||spa d
010 _a111153
011 _a112125
040 _cCHAP
090 _aTesis
100 1 _aBeltrán Ortega, Diego
_931949
245 1 0 _aUtilización de grasa animal o semilla de algodón en alimento de ovejas sobre parámetros reproductivos, sanguíneos y productivos
_h[En línea]
_cpor Diego Beltrán Ortega y Ander Guzmán Rodríguez.
260 _aChapingo, Méx. :
_bEl autor,
_c2017.
500 _aPara ver el contenido del material haga clic en la liga
502 _aTesis (Ing. Agr. Esp. en Zootecnia) -- UACH. Departamento de Zootecnia
590 _aBATCH-UPD
_b05
_c20180320
_lUCH01
_h1325
590 _aBATCH
_b00
_c20181121
_lUCH01
_h0759
590 _aE11695DGD
_b10
_c20180322
_lUCH01
_h1333
590 _aE6337LMJ
_b05
_c20180320
_lUCH01
_h1324
650 1 4 _aAlgodón
_xSemilla
_94054
650 1 4 _aGanado lanar
_xFecundidad.
_945181
650 1 2 _aGanado lanar
_xNutrición
_xSuplementos
_9134940
650 1 4 _aGanado lanar
_xSangre.
_945222
700 1 _aGuzmán Rodríguez, Ander.
_9134939
856 _a1
_n0000903
856 _aFinding aid
_uhttp://10.13.5.2/tesis/sist114692.pdf
_zTeclea aquí
901 _aBK
942 _cTESIS
942 _n0
999 _c111153
_d111153